Beribu matjam pekerdjaan terbuka bagi saudara. (Record no. 57279)

MARC details
000 -LEADER
fixed length control field 00665cam a22002411 4500
001 - CONTROL NUMBER
control field sa 64002317
003 - CONTROL NUMBER IDENTIFIER
control field DLC
005 - DATE AND TIME OF LATEST TRANSACTION
control field 20260227112009.0
008 - FIXED-LENGTH DATA ELEMENTS--GENERAL INFORMATION
fixed length control field 890108s1961 io 000 0 dut
010 ## - LIBRARY OF CONGRESS CONTROL NUMBER
LC control number sa 64002317
035 ## - SYSTEM CONTROL NUMBER
System control number (OCoLC)23404493
040 ## - CATALOGING SOURCE
Original cataloging agency DLC
Transcribing agency MiU
Modifying agency DLC
042 ## - AUTHENTICATION CODE
Authentication code premarc
043 ## - GEOGRAPHIC AREA CODE
Geographic area code a-io---
050 00 - LIBRARY OF CONGRESS CALL NUMBER
Classification number HF5382.5.I5
Item number B6
100 1# - MAIN ENTRY--PERSONAL NAME
Personal name Bonar, S. K.
245 10 - TITLE STATEMENT
Title Beribu matjam pekerdjaan terbuka bagi saudara.
260 ## - PUBLICATION, DISTRIBUTION, ETC.
Place of publication, distribution, etc. Djakarta,
Name of publisher, distributor, etc. C. V. Ensiklopedi,
Date of publication, distribution, etc. 1961.
300 ## - PHYSICAL DESCRIPTION
Extent 132 p.
Other physical details (p. 132 advertisements)
Dimensions 21 cm.
650 #0 - SUBJECT ADDED ENTRY--TOPICAL TERM
Topical term or geographic name entry element Vocational guidance
650 #0 - SUBJECT ADDED ENTRY--TOPICAL TERM
Topical term or geographic name entry element Occupations
Geographic subdivision Indonesia.
650 #0 - SUBJECT ADDED ENTRY--TOPICAL TERM
Topical term or geographic name entry element Industries
Geographic subdivision Indonesia.

No items available.

Powered by Koha